000 00474nam a22001817a 4500
999 _c6408
_d6408
003 GBCCL
005 20241126110602.0
008 180514b ||||| |||| 00| 0 eng d
040 _cgbc
082 _a920
_bVAU
100 _aVaus, Jim
_911478
245 _aThe wire tapper /
_cJim Vaus [Foreward by Mickey Cohen]
250 _aAsian ed.
260 _bGospel Literature Service,
_aBombay
_c1978
300 _a119 p.;
_c18 cm.
650 _aVaus, Jim
_911478
942 _2ddc
_cBK